Statistics for Guess the Phoebe bridgers song with no hints #3

Click here to take the quiz!

General Stats

  • This quiz has been taken 91 times
  • The average score is 207 of 262

Answer Stats

Answer% Correct
i
100%
a
99%
the
97%
you
97%
and
91%
be
91%
me
91%
in
85%
were
85%
your
85%
it
83%
to
83%
when
82%
for
81%
know
81%
my
81%
if
79%
love
79%
not
79%
there
79%
who
79%
would
79%
with
78%
room
77%
take
77%
better
76%
it's
76%
never
76%
see
76%
waiting
76%
are
74%
can
74%
doctor
74%
that
74%
us
74%
her
73%
over
73%
over"
73%
should
73%
sit
73%
teacher
73%
all
72%
am
72%
class
72%
had
72%
just
72%
up
72%
want
72%
you're
72%
as
71%
bleed
71%
but
71%
come
71%
fail
71%
first
71%
kit
71%
'til
71%
aid
69%
down
69%
make
69%
out
69%
said
69%
will
69%
best
68%
ever
68%
fall
68%
let
68%
wanna
68%
because
67%
daughter
67%
night
67%
notice
67%
parents'
67%
teenage
67%
ballad
65%
drive
65%
hard
65%
holds
65%
lifts
65%
open
65%
poor
65%
power
65%
together
65%
won't
65%
ask
64%
bring
64%
misery
64%
more
64%
she'll
64%
song
64%
wish
64%
broken
63%
feeds
63%
"maybe
63%
ashore
62%
blow
62%
bodies
62%
brains
62%
breathing
62%
gun
62%
lips
62%
mouth
62%
washed
62%
whatever
62%
happens
60%
plus
59%
grew
50%

Score Distribution

Percentile by Number Answered

Percent of People with Each Score

Your Score History

You have not taken this quiz